000 00602nam a2200217Ia 4500
005 20250326144454.0
008 250326s9999 xx 000 0 und d
020 _a978-81-315-0510-6
037 _aTextbook
040 _aFMSL
_beng
_cFMSL
041 _aeng
_2eng
084 _aX:740bR4 P8
_qFMSL
100 _aJennings M M
_9746781
245 0 _aCases in business ethics
_cJennings M M
260 _aUnited Kingdom
_bUnited Kingdom, Cengage Learning
_c2008
300 _a746p
365 _b350
650 _aManagement
942 _cTB
_hX:740bR4 P8
999 _c1303823
_d1303823